| 000 | 01123nam a22002537a 4500 | ||
|---|---|---|---|
| 008 | 240610b mp ||||| |||| 00| 0 mon d | ||
| 020 | _a978-7-5311-8890-2 | ||
| 035 | _a37870 | ||
| 040 |
_aHUV0167120 _bmon _cMN-UlNLM _dMN-UlNLM _erda |
||
| 041 | _amon | ||
| 042 | _a87078 | ||
| 084 |
_2NNA _a84.8(0) _bК.606 |
||
| 100 | _aКоллоди К. | ||
| 245 | 0 | _aПиноккио нэрт модон хүүгийн үлгэр | |
| 264 |
_aХөх хот _bӨвөр монголын сургалт хүмүүжлийн хэвлэлийн хороо _c2014 |
||
| 300 | _a197х. | ||
| 336 |
_2rdacontent _atext _btxt |
||
| 337 |
_2rdamedia _aunmediated _bn |
||
| 338 |
_2rdacarrier _avolume _bnc |
||
| 490 | _aДэлхийн хүүхдийн сонгодог зохиолын дээжис | ||
| 650 | _aОдоогоос 150 гаруй жилийн тэртээ урт хамарт дүрсгүй модон хүүхэлдэй Пиноккиогийн тухай зохиол бичсэн хүмүүнийг Карло Коллоди гэд... | ||
| 942 |
_2NNA _cBK |
||
| 999 |
_c1058154 _d1058211 |
||